000
00193 a2200097 4500
001
53145
100
_a
Steel, D
245
_a
Ring
260
_a
London
_b
Sppere Books
_c
090
_c
33432
_d
33432
942
_a
NUST-CAE
_c
M
_c
26039
999
_c
288218
_d
288218